Syntéza ekonometrického a optimalizačného prístupu k modelovaniu ekonomiky diplomová práca

Saved in:
Bibliographic Details
Main Author: Macko, Peter
Corporate Author: Fakulta hospodárskej informatiky EU. Katedra operačného výskumu a ekonometrie
Other Authors: Lukáčiková, Adriana, 1971-
Format: Book
Language:Slovak
Published: Bratislava 2010
Tags: Add Tag
No Tags, Be the first to tag this record!

MARC

LEADER 00000nam a2200000 4500
001 0118732
005 20240318123537.4
041 0 |a slo 
044 |a SK 
245 1 0 |a Syntéza ekonometrického a optimalizačného prístupu k modelovaniu ekonomiky  |b diplomová práca  |c Peter Macko ; škol. Adriana Lukáčiková 
264 1 |a Bratislava  |c 2010 
300 |a 58 s. 
100 1 |a Macko, Peter 
700 1 |a Lukáčiková, Adriana, 1971- 
710 2 |a Fakulta hospodárskej informatiky EU. Katedra operačného výskumu a ekonometrie